Statistics for Roding Valley Alumni

Click here to take the quiz!

General Stats

  • This quiz has been taken 6 times
  • The average score is 110 of 236

Answer Stats

Answer% Correct
Ben Stone
100%
Christopher Constantinou
100%
Ella Cleary
100%
Ella Davis
100%
Harry Mifsud
100%
Jamie Prime
100%
Josh Harris
100%
Leon Luke
100%
May Bacchus
100%
Patryk Bebech
100%
Samuel Copeman
100%
Thomas Spencer
100%
William Fairhead
100%
Albie Offer
83%
Alex Clarke
83%
Annie Rose
83%
Ben Taylor
83%
Brooke Hall
83%
Callum Say
83%
Cengizhan Tekbasti
83%
Chloe Buckley
83%
Daisy Kelly
83%
Franscesca Jolly
83%
Glen Zarych
83%
Hana Damania
83%
Imogen Kemp
83%
Jack Albertson
83%
James Reeve
83%
Joe Schofield
83%
Kaya Ali
83%
Leo Myers
83%
Lewis Morgan-Jones
83%
Max Collings
83%
Mitchell Orley
83%
Oliver Coote
83%
Oliver Southgate
83%
Olivia Marks-Micheli
83%
Sam Griffiths
83%
Samuel Duffy
83%
Samuel Laws
83%
Sonny Bennett
83%
Sonny Spiller
83%
Yasuaki George
83%
Alex Croll
67%
Anton Hadley
67%
Asha Uddin
67%
Benjamin Benson
67%
Benjamin Hamid
67%
Conrad Schroder
67%
Emma Burns
67%
Emma Lycett
67%
Eva Randall
67%
Farah Baldwin
67%
Finlay Stocker
67%
Harry Gipson
67%
Jack Gibney
67%
Jack Gower
67%
Jack Jordan
67%
Jack Thomas
67%
Jamie-Leigh Coates
67%
Joseph Pollard
67%
Joseph Salmon
67%
Kauana Alves de Oliveria
67%
Kyeshia Dyvontae
67%
Luca Bergonzi
67%
Marcus Mackenzie
67%
Matthew Davies
67%
Mia Anthony
67%
Millie Scott
67%
Molly Atherton
67%
Neve Bowden
67%
Nicole Collis
67%
Prue Boyd-Walker
67%
Rachael Oladuja
67%
Samanta Lignickyte
67%
Saraya Jones
67%
Thomas Mckever
67%
Thomas Reed
67%
Adan Mohammed
50%
Annie Davis
50%
Archie Ellis-McNamara
50%
Ayman Mohammed
50%
Benjamin Hunt
50%
Bobby Wheeler
50%
Destiny Binet
50%
Ella Selby
50%
Ellie Goldstein
50%
Freya Mclaughlin
50%
George Edwards
50%
Georgia Faye Martin
50%
Grace Church
50%
Harry Stone
50%
Imogen Brannan-Brown
50%
Jacob Dean
50%
James Radley
50%
Joseph Arnold
50%
Joseph Xenofondos
50%
Kane Wallace
50%
Katie Hedderson
50%
Layla Newland
50%
Leah Dadson
50%
Leya Kane
50%
Lola Allen
50%
Lucy Raven
50%
Lydia Butcher
50%
Lyubka Nikolova
50%
Madeline Ramsamy
50%
Max Wintle
50%
Millar Johnson
50%
Morgan Harvey
50%
Oliver Laws
50%
Oz Ives
50%
Ross Walters
50%
Safron Blenman
50%
Sasha Bingham
50%
Silvia Sedliakova
50%
Skye Fraser
50%
Sky Harp
50%
Sofia Khan
50%
Spas Tasev
50%
Stan Shute
50%
Thomas Compton
50%
Tom Gower
50%
Abigail Ward
33%
Aiza Ahmed
33%
Alfie Davis
33%
Alice Shell
33%
Aliya Silverstone
33%
Anna Vidojevic
33%
Anthony Rogers
33%
Asa Gibbons
33%
Ben Sergison
33%
Bethany Griffiths
33%
Billy Roome
33%
Buddy Andrews
33%
Chad Palmer
33%
Charlie Fitzsimons
33%
Chloe Abbott
33%
Christopher Hunt
33%
Dani Collier
33%
Dion Church
33%
Edward Cope
33%
Euan Lazel
33%
Finley Graham
33%
Gabrielle Atkins
33%
Gavin Ip
33%
George Hines
33%
George Lane
33%
Grace Abbott
33%
Grace Marlborough
33%
Harlea Cromwell
33%
Harrison Prasse
33%
Harvey Wedge
33%
Jade Skeat
33%
Jaydon Johal
33%
Jay Wright
33%
Jermaine Adae-Bosompra
33%
Jessica Bradley
33%
Jessica Overett
33%
Joe Boyton
33%
Kaan Onay
33%
Kezia Studman
33%
Liberty Ruttledge
33%
Lottie Henderson
33%
Lulu Oliver Clark
33%
Maisha Khondokar
33%
Max Tankard
33%
Megan Clark
33%
Mohammed Khondokar
33%
Molly Turvey
33%
Montana Cole
33%
Phoebe Black
33%
Rhys Avey
33%
Rokas Kaziunas
33%
Rosie Scott
33%
Saule Vitkute
33%
Tanem Ibrahim
33%
Tariq Riaz
33%
Alexander Ketteridge
17%
Alexander Knight
17%
Alexandra Lacob
17%
Amber Rex
17%
Annabel Hoffman
17%
Bogomil Nikolov
17%
Bronwyn Glover
17%
Callum Everitt
17%
Catarina Magalhaes
17%
Deanna Sutton
17%
Dylan Bradley
17%
Dzestina Grigonyte
17%
Elizabeth Ward-Best
17%
Freddie Crossman-Cox
17%
Habiba Sharif
17%
Hannah Patterson
17%
Harry Cowland
17%
Jodie Savage
17%
Kasey Scannell
17%
Katie Smith
17%
Kelsey Smith
17%
Kia Camp
17%
Koray Zincirkiran
17%
Lauren Gilbey
17%
Lauren Huckstep
17%
Louis Padfield
17%
Luke Moir
17%
Luke Worth
17%
Mantas Satunas
17%
Maya Datta
17%
Nevaeh-Raeyne Dixon-Boothe
17%
Remi Thompson
17%
Rhys Greenaway
17%
Scarlett Hall
17%
Shannon Higgs
17%
Sherene Cooke
17%
Sky Shum
17%
Sophia Blackman
17%
Sunny Manning
17%
Thomas Abbott
17%
Thomas Cooper
17%
Thomas Rolfe
17%
Tibor Toth
17%
Tyne Brownlie
17%
Zoe Newton-Kisly
17%
Abrahim Saeed
0%
Annie Jones
0%
Billy Barrett
0%
Claudia Millis Fernandez
0%
Devin Stennig
0%
Henry Evans
0%
Jack Mortlock
0%
Jeffrey Du Preez
0%
Liam Savage
0%
Sam Richards
0%
Saqib Raja
0%
Stewart Haugh
0%

Score Distribution

Percentile by Number Answered

Percent of People with Each Score

Your Score History

You have not taken this quiz